Normal view
MARC view
Entry Topical Term
001 - CONTROL NUMBER
- control field: 61379
003 - CONTROL NUMBER IDENTIFIER
- control field:
005 - DATE AND TIME OF LATEST TRANSACTION
- control field: 20241125142828.0
008 - FIXED-LENGTH DATA ELEMENTS
- fixed length control field: 241125|| aca||aabn | a|a d
040 ## - CATALOGING SOURCE
- Original cataloging agency:
- Transcribing agency:
150 ## - HEADING--TOPICAL TERM
- Topical term or geographic name entry element: Sisterhood of Congregation of sisters
670 ## - SOURCE DATA FOUND
- Source citation: Work cat.: ()31480: AKPAM, Monica Member aut 61375, God's maiden :, 2023
